| 000 | 007540000a22002410004500 | ||
|---|---|---|---|
| 041 | 0 | _aEspañol | |
| 090 |
_aMM _b00024 |
||
| 245 | 1 | 0 | _aBasuras I y II |
| 300 |
_a45 min _bVHS |
||
| 500 | _a<Programa Jungla de Asfalto> | ||
| 650 | 1 | 4 |
_aDesechos sólidos _93623 |
| 650 | 1 | 4 |
_aContaminación ambiental _9351 |
| 650 | 1 | 4 |
_aManejo de desechos _914540 |
| 650 | 1 | 4 |
_aReciclaje _996780 |
| 650 | 1 | 4 |
_aRellenos sanitarios _917820 |
| 650 | 1 | 4 |
_aDesechos orgánicos _9100895 |
| 650 | 1 | 4 |
_aGranjas integrales _919238 |
| 651 | 4 |
_lSabana de Bogotá _dCundinamarca _pColombia _992749 |
|
| 041 | 0 | _aEspañol | |
| 110 | 1 |
_aAlcaldía Mayor de Bogotá _dDepartamento Administrativo del Medio Ambiente _sDAMA _9100811 |
|
| 260 |
_aBogotá _bDAMA _c1994 |
||
| 942 | _cCD-ROM | ||
| 999 |
_c16474 _d16474 |
||